K niektorým problémom jednoduchého účtovníctva

Kontrola v peňažnom denníku. Interpretácia pojmov v jednoduchom účtovníctve. Pravdivé zobrazenie javov a procesov pri reálnej činnosti hospodárskeho subjektu. Vypovedacia schopnosť jednoduchého účtovníctva. Prehľady o peňažných prostriedkoch. Klasické nazeranie na účtovníctvo.

Salvato in:
Dettagli Bibliografici
Autore principale: Pecháčová, Tatjana
Natura: Capitolo di libro
Lingua:slovacco
Soggetti:
Tags: Aggiungi Tag
Nessun Tag, puoi essere il primo ad aggiungerne!!

MARC

LEADER 00000naa a2200000 4500
001 r018810
005 20221213101256.6
041 0 |a slo 
044 |a SK 
245 1 0 |a K niektorým problémom jednoduchého účtovníctva  |c Tatjana Pecháčová 
520 |a Kontrola v peňažnom denníku. Interpretácia pojmov v jednoduchom účtovníctve. Pravdivé zobrazenie javov a procesov pri reálnej činnosti hospodárskeho subjektu. Vypovedacia schopnosť jednoduchého účtovníctva. Prehľady o peňažných prostriedkoch. Klasické nazeranie na účtovníctvo. 
610 2 0 |a účtovníctvo 
610 2 0 |a účtovníctvo jednoduché 
610 2 0 |a denníky účtovné 
610 2 0 |a pojmy 
100 1 |a Pecháčová, Tatjana